Normal view
MARC view
- Business writing.
Entry Topical Term
001 - CONTROL NUMBER
- control field: 56404
003 - CONTROL NUMBER IDENTIFIER
- control field: OSt
005 - DATE AND TIME OF LATEST TRANSACTION
- control field: 20240411095844.0
008 - FIXED-LENGTH DATA ELEMENTS
- fixed length control field: 240411|| aca||aabn | a|a d
040 ## - CATALOGING SOURCE
- Original cataloging agency: OSt
- Transcribing agency: OSt
150 ## - HEADING--TOPICAL TERM
- Topical term or geographic name entry element: Business writing.
670 ## - SOURCE DATA FOUND
- Source citation: Work cat.: (OSt)20105: Tan, Anita. 56399, Model Business correspondence (panduan surat-menyurat perniagaan) /, ©1990.
